[Event "Wch U16 Girls"]
[Site "Mumbai"]
[Date "2019.10.05"]
[Round "5"]
[White "Bulatova, Kamaliya"]
[Black "Zhang, Cindy"]
[Result "1-0"]
[WhiteElo "2181"]
[BlackElo "1808"]
[PlyCount "65"]
[EventDate "2019.10.02"]
[EventType "swiss"]
[EventRounds "11"]
[EventCountry "IND"]
[SourceTitle "EXT 2020"]
[Source "ChessBase"]
[SourceDate "2019.10.17"]
[SourceVersion "1"]
[SourceVersionDate "2019.10.17"]
[SourceQuality "1"]

1. d4 d5 2. Nf3 Nf6 3. g3 c6 4. Bg2 Bf5 5. 0-0 e6 6. c4 Be7 7. Nc3 0-0 8. Qb3 Qc8 9. Nh4 Bg6 10. Nxg6 hxg6 11. e4 dxe4 12. Nxe4 Nbd7 13. Nc3 Rd8 14. Rd1 Bf8 15. Bg5 Qc7 16. d5 Nc5 17. Qc2 a5 18. Qe2 cxd5 19. cxd5 e5 20. Rac1 Qb8 21. Nb5 Bd6 22. Be3 b6 23. b3 Be7 24. d6 Bf8 25. Bxc5 bxc5 26. Bxa8 Qxa8 27. Rxc5 Nd7 28. Rc7 Qa6 29. Qc4 Qb6 30. a4 Qa6 31. Ra7 Qb6 32. Qc7 e4 33. Rb7 1-0

[Event "Wch U16 Girls"]
[Site "Porto Carras"]
[Date "2018.10.30"]
[Round "11.23"]
[White "Gombocz, Zsofia"]
[Black "Zhang, Cindy"]
[Result "1-0"]
[WhiteElo "2038"]
[BlackElo "1790"]
[PlyCount "91"]
[EventDate "2018.10.20"]
[EventType "swiss"]
[EventRounds "11"]
[EventCountry "GRE"]
[SourceTitle "CBM 187 Extra"]
[Source "ChessBase"]
[SourceDate "2018.11.04"]
[SourceVersion "1"]
[SourceVersionDate "2018.11.04"]
[SourceQuality "1"]

1. e4 e6 2. d4 d5 3. Nd2 c5 4. Ngf3 cxd4 5. exd5 Qxd5 6. Bc4 Qd6 7. 0-0 Nf6 8. Nb3 Nc6 9. Nfxd4 Nxd4 10. Nxd4 Be7 11. Be3 e5 12. Nb5 Qb8 13. Qf3 0-0 14. Rfe1 Bd7 15. Nc3 Bc6 16. Qg3 b5 17. Bb3 b4 18. Ne2 Kh8 19. f3 Nd5 20. Qf2 Nxe3 21. Qxe3 f5 22. Nf4 Bh4 23. Ne6 Rf6 24. Red1 Rg6 25. Kh1 Qb7 26. Nc5 Qe7 27. Nd3 Re8 28. c3 bxc3 29. bxc3 f4 30. Qe2 Qc7 31. Nb4 Bb7 32. Nd5 Qb8 33. Ba4 Ree6 34. Bc2 Rh6 35. Be4 Bg3 36. h3 Re8 37. Rab1 Qc8 38. Nf6 gxf6 39. Rxb7 f5 40. Bd5 Qxc3 41. Qb5 Rc8 42. Qd7 e4 43. Qxf5 e3 44. Be4 Kg8 45. Qg5+ Rg6 46. Rd8+ 1-0

[Event "Wch U16 Girls"]
[Site "Porto Carras"]
[Date "2018.10.29"]
[Round "10.19"]
[White "Zhang, Cindy"]
[Black "Hajiyeva, Laman"]
[Result "0-1"]
[WhiteElo "1790"]
[BlackElo "1916"]
[PlyCount "114"]
[EventDate "2018.10.20"]
[EventType "swiss"]
[EventRounds "11"]
[EventCountry "GRE"]
[SourceTitle "CBM 187 Extra"]
[Source "ChessBase"]
[SourceDate "2018.11.04"]
[SourceVersion "1"]
[SourceVersionDate "2018.11.04"]
[SourceQuality "1"]

1. d4 d5 2. Bf4 Nf6 3. e3 c5 4. Nc3 e6 5. Nb5 Na6 6. Nf3 c4 7. a4 Bd7 8. Be2 Qa5+ 9. c3 Bxb5 10. axb5 Qxb5 11. Nd2 Qb6 12. Qa4+ Nd7 13. b3 cxb3 14. Bb5 Rd8 15. Nxb3 Nc7 16. Bxd7+ Rxd7 17. 0-0 Nb5 18. Rfc1 Be7 19. Nc5 Bxc5 20. dxc5 Qc6 21. Rcb1 a6 22. Rxb5 axb5 23. Qb4 0-0 24. Ra5 f6 25. Bd6 b6 26. Ra6 Ra8 27. Qa3 Rdd8 28. h3 bxc5 29. Rxa8 Rxa8 30. Qxc5 Qxc5 31. Bxc5 e5 32. g3 Kf7 33. Kg2 Rc8 34. Bb4 Rc4 35. Ba5 Ra4 36. Bb4 d4 37. exd4 exd4 38. Kf1 d3 39. Ke1 Ra2 40. Bc5 Ke6 41. h4 Kd5 42. Bf8 g6 43. Bg7 f5 44. Bf6 Kc4 45. Bg7 Kb3 46. Kd1 Rxf2 47. Bd4 Rg2 48. Be5 b4 49. cxb4 Kxb4 50. Bd6+ Kc4 51. Be5 Kd5 52. Bc7 Ke4 53. Bd6 Kf3 54. Ke1 d2+ 55. Kd1 Ke3 56. Bc5+ Kd3 57. h5 Re2 0-1

[Event "Wch U16 Girls"]
[Site "Porto Carras"]
[Date "2018.10.26"]
[Round "7"]
[White "De Silva, Tenara"]
[Black "Zhang, Cindy"]
[Result "1-0"]
[WhiteElo "1927"]
[BlackElo "1790"]
[PlyCount "87"]
[EventDate "2018.10.20"]
[EventType "swiss"]
[EventRounds "11"]
[EventCountry "GRE"]
[SourceTitle "CBM 187 Extra"]
[Source "ChessBase"]
[SourceDate "2018.11.04"]
[SourceVersion "1"]
[SourceVersionDate "2018.11.04"]
[SourceQuality "1"]

1. e4 c5 2. Nf3 g6 3. d4 cxd4 4. Nxd4 Nc6 5. c4 Nf6 6. Nc3 d6 7. Be2 Nxd4 8. Qxd4 Bg7 9. Be3 0-0 10. Qd2 Be6 11. f3 Qa5 12. 0-0 Rfc8 13. b3 a6 14. Rac1 b5 15. Nd5 Qxd2 16. Bxd2 Nxd5 17. cxd5 Bd7 18. Rxc8+ Rxc8 19. Rc1 Rxc1+ 20. Bxc1 Bd4+ 21. Kf1 f5 22. Bg5 Kf7 23. Ke1 fxe4 24. fxe4 a5 25. Kd2 b4 26. Ba6 Bb6 27. Kd3 Bg1 28. h3 Bb6 29. Kc4 Bf2 30. Bb7 Bb6 31. Bc6 Bc8 32. Kb5 Bd4 33. Kxa5 Bc3 34. Bb5 e6 35. Bc4 exd5 36. Bxd5+ Be6 37. Kb6 Bxd5 38. exd5 Bd4+ 39. Kc6 Bc5 40. Kd7 Kg7 41. Be7 Kf7 42. Bxd6 Bxd6 43. Kxd6 Ke8 44. Kc7 1-0